000 00381nam a22001451a 4500
999 _c48710
_d48710
082 _aS 294.592 1
_bMOH/V
100 _aMohammad Haneef Sastri
245 _aVaidic sahitya meim manav kartavya/
_cby Mohammad Haneef Sastri
260 _aDelhi,
_bSashta prakashan:
_c1989.
300 _a200p.
650 _aVedic Literature
650 _aHinduism
650 _aReligion
942 _cBK